Suivez-vous attentivement les JO ? Médailles du 31 juillet - Statistiques

Statistiques générales
  • Ce quiz a été pris 5 fois
  • Le résultat moyen est 29 sur 56
Statistiques - réponses
Sport Date Discipline Pays % Correct
Natation 31 juillet Or H - 100 M nage libre Chine France 5e
100%
Natation 31 juillet Or F - 1500 M nage libre Etats-Unis
100%
Cyclisme 31 juillet Bronze H - BMX Freestyle France
100%
Escrime 31 juillet Bronze H - Sabre par équipes France
100%
Natation 31 juillet Or H - 200 M Brasse France
100%
Natation 31 juillet Or H - 200 M Papillon France
100%
Natation 31 juillet Argent F - 1500 M nage libre France
100%
Triathlon 31 juillet Or F France
100%
Judo 31 juillet Bronze H - Moins de 90 kilos France
75%
Natation 31 juillet Argent H - 200 M Papillon Hongrie
75%
Aviron 31 juillet Bronze F - Quatre de couple Allemagne
50%
Canoë-Kayak 31 juillet Argent F - C1 Allemagne
50%
Cyclisme 31 juillet Or H - BMX Freestyle Argentine
50%
Canoë-Kayak 31 juillet Or F - C1 Australie Pas de Française en finale
50%
Cyclisme 31 juillet Bronze F - BMX Freestyle Australie
50%
Natation 31 juillet Argent H - 100 M nage libre Australie
50%
Natation 31 juillet Argent H - 200 M Brasse Australie
50%
Tir 31 juillet Bronze F - Fusil de chasse fosse olympique Australie
50%
Judo 31 juillet Bronze F - Moins de 70 kilos Belgique
50%
Natation 31 juillet Bronze H - 200 M Papillon Canada
50%
Cyclisme 31 juillet Or F - BMX Freestyle Chine Pas de Française en finale
50%
Gymnastique artistique 31 juillet Argent H - Concours général individuel Chine
50%
Gymnastique artistique 31 juillet Bronze H - Concours général individuel Chine
50%
Plongeon 31 juillet Or F - Haut-vol 10 M synchronisé Chine France 8e
50%
Escrime 31 juillet Or H - Sabre par équipes Corée-du-Sud
50%
Canoë-Kayak 31 juillet Bronze F - C1 Etats-Unis
50%
Cyclisme 31 juillet Argent F - BMX Freestyle Etats-Unis
50%
Natation 31 juillet Argent F - 100 M nage libre Etats-Unis
50%
Triathlon 31 juillet Bronze H France
50%
Natation 31 juillet Bronze F - 100 M nage libre Hong-Kong | Chine
50%
Aviron 31 juillet Argent H - Quatre de couple Italie
50%
Tir 31 juillet Argent F - Fusil de chasse fosse olympique Italie
50%
Gymnastique artistique 31 juillet Or H - Concours général individuel Japon Pas de Français en finale
50%
Judo 31 juillet Argent H - Moins de 90 kilos Japon
50%
Triathlon 31 juillet Argent H Nouvelle-Zélande
50%
Aviron 31 juillet Or H - Quatre de couple Pays-Bas Pas de Français en finale
50%
Aviron 31 juillet Argent F - Quatre de couple Pays-Bas
50%
Natation 31 juillet Bronze H - 200 M Brasse Pays-Bas
50%
Aviron 31 juillet Or F - Quatre de couple Royaume-Uni Pas de Françaises en finale
50%
Cyclisme 31 juillet Argent H - BMX Freestyle Royaume-Uni
50%
Plongeon 31 juillet Bronze F - Haut-vol 10 M synchronisé Royaume-Uni
50%
Triathlon 31 juillet Bronze F Royaume-Uni
50%
Triathlon 31 juillet Or H Royaume-Uni
50%
Judo 31 juillet Argent F - Moins de 70 kilos Allemagne
25%
Natation 31 juillet Bronze F - 1500 M nage libre Allemagne
25%
Judo 31 juillet Bronze F - Moins de 70 kilos Autriche
25%
Plongeon 31 juillet Argent F - Haut-vol 10 M synchronisé Corée-du-Nord
25%
Judo 31 juillet Or F - Moins de 70 kilos Croatie Pas de Française en finale
25%
Judo 31 juillet Or H - Moins de 90 kilos Géorgie
25%
Judo 31 juillet Bronze H - Moins de 90 kilos Grèce
25%
Tir 31 juillet Or F - Fusil de chasse fosse olympique Guatemala Pas de Françaises en finale
25%
Escrime 31 juillet Argent H - Sabre par équipes Hongrie
25%
Aviron 31 juillet Bronze H - Quatre de couple Pologne
25%
Natation 31 juillet Bronze H - 100 M nage libre Roumanie
25%
Natation 31 juillet Or F - 100 M nage libre Suède Pas de Française en finale
25%
Triathlon 31 juillet Argent F Suisse
25%
Aucun quiz correspondant
Distribution des résultats
% des personnes avec chaque résultat
Percentile par nombre de réponses
Votre historique - résultats
Vous n’avez pas pris ce quiz